000 00780nam a2200217 i 4500
001 172489
003 ES-MaACL
005 20250902013910.0
008 090710s1980 sp |||| | spa d
017 _aLO 48-1963
020 _a84-300-6000-6
080 _a651.7(083.2)
100 1 _aPascual Martínez, Andrés.
_9141029
245 1 0 _aCartas comerciales y documentos
_b: adaptadas para los últimos cursos de Enseñanza G. Básica, clases de adultos y Bibliotecas escolares /
_cAndrés Pascual Martínez.
260 _aLogroño :
_bOchoa,
_c1980.
300 _a183 p. :
_bil. ;
_c21 cm.
650 7 _aCorrespondencia comercial
_2embne
_9157414
650 0 4 _aRedacción-
_xDidáctica.
_916707
852 _aES-MaACL
_jE-12804
_9R.143582
999 _c172489
_d172489